| 000 | 01010nas a2200301 4500 | ||
|---|---|---|---|
| 001 | BR0808127 | ||
| 003 | BR-BrBNA | ||
| 005 | 20231205112817.0 | ||
| 007 | ta | ||
| 008 | 230509b bl.|||p| |||| 00| 00por d | ||
| 040 |
_aBR-BrBNA _bpor _cBiblioteca Nacional de Agricultura |
||
| 041 | _a(Pt) | ||
| 072 | _aL70; L73 | ||
| 100 | 1 | _aGuimarães, J.E. | |
| 100 | 1 | _aSouza, R.M. de | |
| 100 | 1 | _aAssunção, R.D. | |
| 100 | 1 | _aAlmeida, M.A.O. de | |
| 100 | 1 | _aAyres, M.C.C. | |
| 100 | 1 | _aFernandes, G.B. | |
| 245 | 1 | _aLeptospira interrogans sorotipo panona em caprinos: determinação do fibrinogênio, proteína total, transaminases e bilirrubinas, durante infecção experimental | |
| 650 | _aCAPRINO | ||
| 650 | _aVETERINÁRIA | ||
| 650 | _aDOENÇA ANIMAL | ||
| 650 | _aLEPTOSPIROSE | ||
| 773 | 0 |
_tBrazilian Journal of Veterinary Research and Animal Science (Brazil) _xISSN 1413-9596 _g(1993), v. 30(1) p. 227-231 _wBR0808127 |
|
| 909 |
_a202311 _bLúcia _c55 _dLúcia Elande |
||
| 942 |
_2AGRIS _n0 _cANA |
||
| 999 |
_c200125 _d200125 |
||